000
00318nam a2200133Ia 4500
005
20251222155159.0
008
251222s9999||||xx |||||||||||||| ||spa||
082
_a
INV.39
100
_a
UNIV. PEDRO RUIZ GALLO.
245
0
_a
Resúmenes de investigación
250
_a
1ra. ed.
264
_b
Univ. PRG.
942
_c
LIB
999
_c
39853
_d
39853